00580nam a22001577a 4500003000900000008004100009040007100050082001700121100002200138245008900160260003400249300002800283505004900311650001400360700004800374AR-CdUCM190509b ||||| |||| 00| 0 spa d aMUNICIPALIDAD PROVINCIAL DEL CUSCOcBIBLIOTECA MUNICIPAL DEL CUSCO a321.4 /bR84 aRostow, Eugene V. aPlaneamiento para la libertad :bEl derecho publico del capitalismo norteamericano / aBuenos Aires :bOmeba,c1962. a350 páginas ;c24 cm. aContenido : Planeamiento para la libertad... aLibertad. aGarcia Daireaux, Delia (traductora) y otros